|
|
|
|
| LEADER |
00000cam a2200000 7i4500 |
| 001 |
0000013311 |
| 005 |
20080304.0 |
| 008 |
080111 |
| 020 |
|
|
|a 9833128726
|
| 090 |
0 |
0 |
|a 297.352
|b QAR
|
| 100 |
0 |
|
|a Yusuf Al-Qardhawi,Dr.
|
| 245 |
0 |
0 |
|a 100 persoalan haji & umrah :
|b korban & hari raya
|c Dr.Yusuf Al-Qardhawi
|
| 260 |
|
|
|a Kuala Lumpur :
|b Jasmin enterprise ,
|c 2005
|
| 650 |
|
0 |
|a Muslim pilgrims and pilgrimages
|z Saudi Arabia
|z Mecca
|
| 999 |
|
|
|a 0001006119
|b Book
|c Adult Collection
|e Perbadanan Perpustakaan Awam Johor
|
| 999 |
|
|
|a 0001006120
|b Book
|c Adult Collection
|e Perbadanan Perpustakaan Awam Johor
|
| 999 |
|
|
|a 0001006121
|b Book
|c Adult Collection
|e Perbadanan Perpustakaan Awam Johor
|
| 999 |
|
|
|a 0001007629
|b Book
|c Adult Collection
|e Cawangan Bukit Gambir
|
| 999 |
|
|
|a 0001007630
|b Book
|c Adult Collection
|e Cawangan Batu Pahat
|